Quel Pokémon évolue avec cette méthode (clic quiz) ? - Statistiques

Statistiques générales
  • Ce quiz a été pris 90 fois
    73 depuis la dernière actualisation
  • Le résultat moyen est 22 sur 30
Statistiques - réponses
Hint Réponse % Correct
Pierre Aube et mâle Kirlia
85%
Utiliser Poing de Colère 20 fois Colossinge
83%
Objet en Sucre et tourner sur soi-même Crémy
83%
Echange contre Carabing Escargaume
83%
Niveau 30 en retournant la console Sépiatop
83%
Niveau 20 selon les statistiques d'Attaque et de Défense Débugant
79%
Echange en tenant un CD Douteux Porygon2
79%
Gain de niveau la nuit en tenant un Croc Rasoir Scorplane
79%
Pierre Feu Goupix
77%
Echange en tenant un Protecteur Rhinoféros
77%
Perdre 49 PV sans tomber K.O et marcher sous la
grande arche de pierre de la Fosse des Sables
Tutafeh de Galar
77%
Armure de la Rancune Charbambin
75%
Gain de niveau à côté d'une pierre moussue (avant) Evoli
75%
Echange en tenant une Peau Métal Onix
75%
Pierre Glace Piétacé
75%
Pierre Foudre Pikachu
75%
Niveau 50 sous la pluie Colimucus
73%
Pierre Lune Nidorina
73%
Niveau 32 avec un Pokémon de type Ténèbres dans l'équipe Pandespiègle
73%
Niveau 25 à l'aube ou au crépuscule selon le jeu Rocabot
73%
Niveau de beauté égal ou supérieur à 170 (avant) Barpau
71%
Niveau 7 et selon la Valeur Interne Personnelle Chenipotte
71%
Pierre Eau Lombre
67%
Marcher 1000 pas avec la fonction En avant! Pohmotte
67%
Niveau 33 et femelle Tritox
67%
Pierre Nuit Dimoclès
65%
Pierre Eclat Floette
63%
Pierre Plante Voltorbe de Hisui
63%
Niveau 30 de nuit Toutombe
58%
Gain de niveau en connaissant Roulade Excelangue
56%
Aucun quiz correspondant
Distribution des résultats
% des personnes avec chaque résultat
Percentile par nombre de réponses
Votre historique - résultats
Vous n’avez pas pris ce quiz depuis la dernière actualisation